00330nam a2200085Ia 4500008004100000245005900041245004600100260000900146856008900155160523s9999 xx 000 0 und d aApplied Bioremediation - Active and Passive Approaches cEdited by Yogesh B. Patil and Prakash Rao c2013 uhttp://www.intechopen.com/books/applied-bioremediation-active-and-passive-approaches